| 000 | 01040nac a22003137a 4500 | ||
|---|---|---|---|
| 001 | BR7805394 | ||
| 003 | BR-BrBNA | ||
| 005 | 20240105114259.0 | ||
| 008 | 230509b bl.|||m| |||| 00| 0 por d | ||
| 040 |
_aBR-BrBNA _bpor _cBiblioteca Nacional de Agricultura |
||
| 072 | _aE70; E15 | ||
| 090 | _aE70 BR7805394 | ||
| 110 | 1 |
_aSecretaria de Agricultura e Abastecimento, Fortaleza, CE (Brasil) _98635 |
|
| 245 | 1 | _aClassificacao dos produtos agropecuarios safras - 1976/77 e 1977/78 [Brasil] | |
| 260 | 3 |
_aFortaleza, CE (Brasil): _c1978. |
|
| 300 | _a379 p. | ||
| 490 |
_aClassificacao dos Produtos Agropecuarios - Secretaria de Agricultura e Abastecimento (Brazil) _v _x |
||
| 500 | _aNumerical data | ||
| 650 | _aComercializacao | ||
| 650 | _aMicroeconomia | ||
| 650 | _aAgricultura | ||
| 650 | _aPecuaria | ||
| 650 | _aMercado nacional | ||
| 650 | _aMercado internacional | ||
| 650 | _aEstatistica de producao | ||
| 650 | _aCusto de producao | ||
| 909 |
_a202312 _bLúcia Elande _c55 _dLúcia Elande |
||
| 942 |
_2AGRIS _n0 _cMS |
||
| 999 |
_c268428 _d268428 |
||